Central Library OPAC University of Rajshahi

A. M. Chowdhry's The Negotiable instruments act (Act XXVI of 1881) / (Record no. 46652)

MARC details
000 -LEADER
fixed length control field 00841cam a2200253u 4500
001 - CONTROL NUMBER
control field 46652
003 - CONTROL NUMBER IDENTIFIER
rucl marc code BD-RjUL
005 - DATE AND TIME OF LATEST TRANSACTION
control field 20211209054201.0
008 - FIXED-LENGTH DATA ELEMENTS--GENERAL INFORMATION
fixed length control field 160803s1966 pk k 000 0 eng
020 ## - INTERNATIONAL STANDARD BOOK NUMBER
Terms of availability : PRs. 5.00
035 ## - SYSTEM CONTROL NUMBER
System control number (BD-RjUL)46771
040 ## - CATALOGING SOURCE
Original cataloging agency DLC
Transcribing agency CarP
Modifying agency DLC
-- BD-RjUL
Language of cataloging eng
041 ## - LANGUAGE CODE
Language code of text/sound track or separate title eng
082 ## - DEWEY DECIMAL CLASSIFICATION NUMBER
Edition number 23
Classification number 346.549096
Author mark and year CHA 1966
100 1# - MAIN ENTRY--PERSONAL NAME
Personal name Chowdhry, A.M.
9 (RLIN) 24228
245 04 - TITLE STATEMENT
Title A. M. Chowdhry's The Negotiable instruments act (Act XXVI of 1881) /
Statement of responsibility, etc. A. M. Chowdhry ; revised by K. B. Abbas
246 ## - VARYING FORM OF TITLE
Title proper/short title The Negotiable instruments act (Act XXVI of 1881)
250 ## - EDITION STATEMENT
Edition statement 6th ed.
260 ## - PUBLICATION, DISTRIBUTION, ETC. (IMPRINT)
Place of publication, distribution, etc. Lahore :
Name of publisher, distributor, etc. All Pakistan Legal Decisions,
Date of publication, distribution, etc. 1966
300 ## - PHYSICAL DESCRIPTION
Pagination v, xii, 190 p. :
Illustrations ill. ;
Size 25 cm.
650 ## - SUBJECT ADDED ENTRY--TOPICAL TERM
Topical term or geographic name as entry element Negotiable instruments
Geographic subdivision Pakistan.
9 (RLIN) 232712
700 ## - ADDED ENTRY--PERSONAL NAME
Personal name Abbas, K. B. , reviser
942 ## - ADDED ENTRY ELEMENTS (KOHA)
Source of classification or shelving scheme Dewey Decimal Classification
Koha item type Books
Holdings
Lost status Source of classification or shelving scheme Damaged status Not for loan Collection code Permanent Location Current Location Shelving location Date acquired Source of acquisition Cost, normal purchase price Total Checkouts Full call number Date last seen Copy number Koha item type
  Dewey Decimal Classification     Non-fiction Central Library, University of Rajshahi Central Library, University of Rajshahi   27/06/1968 Warsi Book Corporation, Dacca 5.60   346.549096 CHA 1966 03/08/2016 C-2 Books
  Dewey Decimal Classification     Non-fiction Central Library, University of Rajshahi Central Library, University of Rajshahi   27/06/1968 Warri Book Centre 5.80   345.40696 NEG 1966 03/08/2016 C-3 Books
  Dewey Decimal Classification     Non-fiction Central Library, University of Rajshahi Central Library, University of Rajshahi   27/06/1968 Warsi Book Corporation, Dacca 5.60   346.549096 CHA 1966 04/08/2016 C-4 Books
  Dewey Decimal Classification   Not For Loan Non-fiction Central Library, University of Rajshahi Central Library, University of Rajshahi Reading Room 27/06/1968 Warsi Book Corporatin 5.60   346.549096 CHA 1966 25/08/2019 C-1 Books